000 01571cam a22004574i 4500
003 PE-LiUPU
005 20250731173513.0
008 150616s r 000 0 d
035 _a(Sirsi) a7730
040 _aPE-LiUPU
_bspa
_cPE-LiUPU
_erda
049 _aPRUA
082 0 4 _a220.13
_bA88
_221
100 1 _aAuzou, Georges,
_eautor.
245 1 3 _aLa Parole de Dieu /
_cGeorges Auzou.
264 1 _aParís :
_bEditions de L'ORANTE,
_c1960.
300 _a444 páginas ;
_c19 cm.
336 _atext
_2rdacontent
337 _aunmediated
_2rdamedia
338 _avolume
_2rdacarrier
505 0 _aLa parole de Dieu.- Réponse a la parole de Dieu.- Rencontre de la bible.- Le langage biblique.- La révélation biblique.- La bible dans l'eglise en marche.- Le mystére des saintes ecritures.
526 _aSEG42
526 _aSEG41
526 _aSEG40
526 _aSEG39
526 _aP94
526 _aP87
526 _aP86
526 _aP85
526 _aP77
526 _aP76
526 _aP35
630 _aBiblia
_xIntroducciones.
_92045
650 0 4 _a
910 _ajck
_bjvq
_cjck
942 _2ddc
_cBOOK
949 _a220.13 A88
_wDEWEY
_c1
_i41341
_lCCODEBUL1
_mBUL
_p00.00
_r0
_sY
_tBOOK
_u19960603
_xTEOLOGIA
_zUNKNOWN
_0COMPRA
_o.STAFF. Colección General
994 _aC0
_bPEPRU
596 _a1
999 _a220.13 A88
_wDEWEY
_c59006
_i41341
_f2021-11-9
_g5
_lCCODEBUL1
_mBUL
_r0
_sY
_tBOOK
_u2015-6-16
_xTEOLOGIA
_zUNKNOWN
_0COMPRA
_o.STAFF. Colección General
_d59006
980 _81
_gALBERTO SANCHEZ Responsable de Automatización